Environmental sensitivity of college students = Περιβαλλοντική ευαισθητοποίηση φοιτητών

Αποθηκεύτηκε σε:
Λεπτομέρειες βιβλιογραφικής εγγραφής
Κύριος συγγραφέας: Βαμβακάρη-Ρόκου, Αναστασία
Συγγραφή απο Οργανισμό/Αρχή: Πανεπιστήμιο Αιγαίου. Σχολή Περιβάλλοντος. Τμήμα Περιβάλλοντος
Άλλοι συγγραφείς: Ζαρκαβέλη, Ρεβέκκα (Ο εκπονών διατριβή), Τσαμπούκου-Σκαναβή, Κωνσταντίνα (dgsf)
Μορφή: Thesis Βιβλίο
Γλώσσα:English
Δημοσίευση: 2016
Θέματα:
Διαθέσιμο Online:http://hdl.handle.net/11610/23187
Ετικέτες: Προσθήκη ετικέτας
Δεν υπάρχουν, Καταχωρήστε ετικέτα πρώτοι!

MARC

LEADER 00000cam a2200000 a 4500
001 1/114246
008 170602s2016####gr | ||| |||| ||eng||
040 |a GR-MyUa  |b gre  |c GR-MyUa  |e AACR2 
041 0 |a eng 
082 7 |a 378.198  |2 (23) 
100 1 |a Βαμβακάρη-Ρόκου, Αναστασία. 
245 1 0 |a Environmental sensitivity of college students = Περιβαλλοντική ευαισθητοποίηση φοιτητών /   |c Βαμβακάρη-Ρόκου Αναστασία, Ζαρκαβέλη Ρεβέκκα ; επιβλέπουσα καθηγήτρια: Σκαναβή Κωνσταντίνα.  
246 1 |i Παράλληλος τίτλος :   |a Περιβαλλοντική ευαισθητοποίηση φοιτητών.  
260 |c 2016 
300 |a [χ. αρ.] :   |b διαγρ., πιν. ;   |c 30 εκ.  
502 |a Πτυχιακή εργασία – Πανεπιστήμιο Αιγαίου, Λέσβος, 2016. 
504 |a Περιλαμβάνει βιβλιογραφία.  
506 0 |a Ηλεκτρονική διάθεση στο πλήρες κείμενο - ελεύθερης πρόσβασης.  
540 |a Κλειδωμένη η δυνατότητα αντιγραφής (copy) από το ηλεκτρονικό κείμενο.  
650 0 |a Environmental education. 
650 0 |a College students   |x Attitudes. 
650 0 |a Sustainable development. 
700 1 |a Ζαρκαβέλη, Ρεβέκκα,  |e dis 
700 1 |a Τσαμπούκου-Σκαναβή, Κωνσταντίνα,  |e dgsf 
710 2 |a Πανεπιστήμιο Αιγαίου.   |b Σχολή Περιβάλλοντος.   |b Τμήμα Περιβάλλοντος. 
852 |a INST  |b LESVOS  |c DIATR  |e 20170602  |h 1706  |p 005100059452  |q 005100059452  |t DIE  |y 23 
856 |u http://hdl.handle.net/11610/23187 
924 |a Βαμβακάρη-Ρόκου  |b Αναστασία  |y Λέσβος  |z 2016-02 
924 |a Ζαρκαβέλη   |b Ρεβέκκα  |y Λέσβος  |z 2016-02 
970 |a Πατσή   |b Ανθίππη  |z 02-06-2017